<?xml version="1.0" encoding="UTF-8"?>
<marc:record xmlns:marc="http://www.loc.gov/MARC21/slim">
   <marc:leader>00000nam a2200000 a 4500</marc:leader>
   <marc:datafield ind1="1" ind2=" " tag="100">
      <marc:subfield code="a">McKinty, Adrian</marc:subfield>
      <marc:subfield code="4">aut</marc:subfield>
      <marc:subfield code="e">Verfasser/-in</marc:subfield>
   </marc:datafield>
   <marc:datafield ind1="0" ind2="0" tag="245">
      <marc:subfield code="a">Ein letzter Job</marc:subfield>
   </marc:datafield>
   <marc:datafield ind1="0" ind2="0" tag="245">
      <marc:subfield code="b">Roman</marc:subfield>
   </marc:datafield>
   <marc:datafield ind1="0" ind2="0" tag="245">
      <marc:subfield code="c">McKinty, Adrian</marc:subfield>
   </marc:datafield>
   <marc:datafield ind1=" " ind2="1" tag="264">
      <marc:subfield code="a">Berlin</marc:subfield>
      <marc:subfield code="b">Suhrkamp</marc:subfield>
      <marc:subfield code="c">2013</marc:subfield>
   </marc:datafield>
   <marc:datafield ind1="1" ind2=" " tag="490">
      <marc:subfield code="a">Suhrkamp-Taschenbuch</marc:subfield>
      <marc:subfield code="v">4430</marc:subfield>
   </marc:datafield>
   <marc:datafield ind1=" " ind2=" " tag="250">
      <marc:subfield code="a">1. Aufl.</marc:subfield>
   </marc:datafield>
   <marc:datafield ind1="1" ind2=" " tag="520">
      <marc:subfield code="a">Ein gnadenloser Killer jagt die Exfrau eines mächtigen Unternehmers und einen wortgewandten Gangster durch Irland. Ein atemloses Katz-und-Maus-Spiel, an dessen Ende alle ihren Frieden finden  und sei es im Tod. Killian ist ein Spezialist darin, Menschen zu finden, die nicht gefunden werden wollen. Richard Coulter, Besitzer einer Fluglinie mit Beziehungen zu den höchsten politischen Kreisen Irlands, bietet ihm eine halbe Million Pfund, wenn er seine Exfrau Rachel und die beiden Töchter zu ihm zurückbringt. Killian wittert den Job seines Lebens, doch er stellt bald fest, daß er nicht der erste ist, der sich an Rachel die Zähne ausbeißt. Als er merkt, daß ein russischer Killer auf ihn angesetzt wurde, und ihm klar wird, daß es um mehr als eine Familienangelegenheit geht, muß Killian sich entscheiden, auf wessen Seite er steht. (Verlagstext)</marc:subfield>
   </marc:datafield>
   <marc:datafield ind1=" " ind2=" " tag="020">
      <marc:subfield code="a">9783518464304</marc:subfield>
      <marc:subfield code="9">9783518464304</marc:subfield>
   </marc:datafield>
   <marc:datafield ind1=" " ind2=" " tag="020">
      <marc:subfield code="a">3518464302</marc:subfield>
      <marc:subfield code="9">3518464302</marc:subfield>
   </marc:datafield>
   <marc:datafield ind1=" " ind2=" " tag="041">
      <marc:subfield code="a">ger</marc:subfield>
   </marc:datafield>
   <marc:datafield ind1="0" ind2=" " tag="490">
      <marc:subfield code="v">4430</marc:subfield>
   </marc:datafield>
   <marc:datafield ind1=" " ind2=" " tag="338">
      <marc:subfield code="a">Band</marc:subfield>
   </marc:datafield>
   <marc:datafield ind1=" " ind2=" " tag="300">
      <marc:subfield code="a">396 S.</marc:subfield>
   </marc:datafield>
</marc:record>
